Opposable thumbs : how Siskel & Ebert changed ... Read More
Available copies
- 2 of 2 copies available at LARL/NWRL Consortium.
- 1 of 1 copy available at Lake Agassiz Regional Library. (Show preferred library)
Current holds
0 current holds with 2 total copies.
Show Only Available Copies
| Location | Call Number / Copy Notes | Barcode | Shelving Location | Status | Due Date |
|---|---|---|---|---|---|
| Mahnomen Public Library | 920 SIN (Text) | 33500013909809 | Main | Available | - |
| Godel Memorial-Warren Library | 920 SIN (Text) | 35500006739898 | Main | Available | - |
Record details
- ISBN: 9780593540152
- ISBN: 0593540158
- Physical Description: viii, 342 pages, 8 unnumbered pages of plates : ... Read More
- Publisher: New York, NY : G. P. Putnam's Sons, [2023]
Content descriptions
| Bibliography, etc. Note: | Includes bibliographical references and index. |
| Formatted Contents Note: | Introduction: Coming attractions -- Ebert before ... Read More |
| Summary, etc.: | "Once upon a time, if you wanted to know if a ... Read More When Gene Siskel, a film critic for the Chicago ... Read More |
Search for related items by subject
| Subject: | Ebert, Roger. Siskel, Gene. At the movies (Television program : 1986-2010) Film critics > United States > Biography. Motion pictures > Reviews. |
| Genre: | Biographies. Biographies. |
| LDR | 03803cam a2200649 i 4500 | ||
|---|---|---|---|
| 001 | 421533 | ||
| 003 | LARL_NWRL_CONSORTIUM | ||
| 005 | 20231214195156.0 | ||
| 008 | 230615s2023 nyuaf b 001 0ceng | ||
| 010 | . | ‡a 2023027428 | |
| 040 | . | ‡aDLC ‡beng ‡erda ‡cDLC ‡dBDX ‡dTP7 ‡dOCLCF ‡dYDX ‡dTOH ‡dOCLCO ‡dCLE ‡dIK2 ‡dABJ ‡dIMT ‡dGK7 ‡dVP@ ‡dILC ‡dYDX ‡dZGR ‡dQS3 ‡dMWD ‡dOCLCO | |
| 019 | . | ‡a1391695713 ‡a1402118362 | |
| 020 | . | ‡a9780593540152 ‡q(hardcover) | |
| 020 | . | ‡a0593540158 ‡q(hardcover) | |
| 020 | . | ‡z9780593540169 ‡q(electronic book) | |
| 035 | . | ‡a(OCoLC)1354648110 ‡z(OCoLC)1391695713 ‡z(OCoLC)1402118362 | |
| 042 | . | ‡apcc | |
| 043 | . | ‡an-us--- | |
| 082 | 0 | 0. | ‡a791.43092/2 ‡aB ‡223/eng/20230802 |
| 100 | 1 | . | ‡aSinger, Matt, ‡eauthor. |
| 245 | 1 | 0. | ‡aOpposable thumbs : ‡bhow Siskel & Ebert changed movies forever / ‡cMatt Singer. |
| 246 | 3 | 0. | ‡aHow Siskel & Ebert changed movies forever |
| 246 | 3 | . | ‡aHow Siskel and Ebert changed movies forever |
| 264 | 1. | ‡aNew York, NY : ‡bG. P. Putnam's Sons, ‡c[2023] | |
| 300 | . | ‡aviii, 342 pages, 8 unnumbered pages of plates : ‡billustrations ; ‡c24 cm | |
| 336 | . | ‡atext ‡btxt ‡2rdacontent | |
| 337 | . | ‡aunmediated ‡bn ‡2rdamedia | |
| 338 | . | ‡avolume ‡bnc ‡2rdacarrier | |
| 504 | . | ‡aIncludes bibliographical references and index. | |
| 505 | 0 | . | ‡aIntroduction: Coming attractions -- Ebert before Siskel -- Siskel before Ebert -- Opening soon at a theater near you -- The first-take show -- Rompin' stompin' film criticism -- Two thumbs up -- Across the aisle -- Hooray for Hollywood -- Get to the crosstalk -- The future of the movies -- The balcony is closed -- Ebert & Roeper & Lyons & Mankiewicz & Phillips & Scott & Lemire & Vishnevetsky -- Epilogue: Until next time, we'll see you at the movies -- Appendix: Buried treasures that Siskel and Ebert loved. |
| 520 | . | ‡a"Once upon a time, if you wanted to know if a movie was worth seeing, you didn't check out Rotten Tomatoes or IMDB. You asked whether Siskel & Ebert had given it 'two thumbs up'"-- ‡cProvided by publisher. | |
| 520 | . | ‡aWhen Gene Siskel, a film critic for the Chicago Tribune, and Roger Ebert, winner of the Pulitzer Prize for his work at the Chicago Sun-Times, reluctantly agreed to collaborate on a new movie review show with PBS, there was at least as much sparring off-camera as on. Their antagonistic partnership made for great television, and their signature "Two thumbs up!" would become the most trusted critical brand in Hollywood. Singer details their rise from the local Chicago PBS station to multimillion-dollar contracts for a syndicated series. Ford shows how they influenced the way we talk about (and think about) movies to this day. -- adapted from jacket | |
| 600 | 1 | 0. | ‡aEbert, Roger. ‡0(LARL_NWRL_CONSORTIUM)62643 |
| 600 | 1 | 0. | ‡aSiskel, Gene. |
| 630 | 0 | 0. | ‡aAt the movies (Television program : 1986-2010) |
| 650 | 0. | ‡aFilm critics ‡zUnited States ‡vBiography. | |
| 650 | 0. | ‡aMotion pictures ‡vReviews. ‡0(LARL_NWRL_CONSORTIUM)26239 | |
| 655 | 0. | ‡aBiographies. | |
| 655 | 7. | ‡aBiographies. ‡2lcgft | |
| 776 | 0 | 8. | ‡iOnline version: ‡aSinger, Matt. ‡tOpposable thumbs ‡dNew York : G. P. Putnam's Sons, 2023 ‡z9780593540169 ‡w(DLC) 2023027429 |
| 901 | . | ‡a421533 ‡bOCoLC ‡c421533 ‡tbiblio ‡soclc | |

Add to basket
Permalink
Disable Highlighting